[Event "HUN-chT3"]
[Site "Hungary"]
[Date "1997.??.??"]
[Round "?"]
[White "Bajusz, Tamas"]
[Black "Papp, Laszlo"]
[Result "0-1"]
[WhiteElo "2110"]
[BlackElo "2210"]
[PlyCount "40"]
[EventDate "1997.??.??"]
[EventType "team"]
[EventRounds "13"]
[EventCountry "HUN"]
[SourceTitle "EXT 2001"]
[Source "ChessBase"]
[SourceDate "2000.11.22"]
[SourceVersion "1"]
[SourceVersionDate "2000.11.22"]
[SourceQuality "1"]

1. e4 c5 2. c3 d5 3. exd5 Qxd5 4. d4 Nf6 5. Nf3 Nc6 6. Be3 cxd4 7. Nxd4 e5 8. Nb5 Qxd1+ 9. Kxd1 Nd5 10. Bc4 Nxe3+ 11. fxe3 Bg4+ 12. Kc2 0-0-0 13. e4 Bc5 14. h3 Bh5 15. g4 Bg6 16. Bd3 Rd7 17. a4 Rhd8 18. Rd1 Rxd3 19. Re1 Be3 20. Nd4 Bxe4 0-1